00630cam a2200193 450000500170000000800410001702000150005805000210007311000300009424500500012425000110017426000560018530000270024149000340026850400280030250600230033065000680035365000150042120180829092646.0180829s2003 sz 000 0 eng d a924156225004aRA997 bK49 20032 aWorld Health Organization00aKey policy issues in long-term care /cW.H.O. a1a ed. aGinebra, Suiza :bWorld Health Organization, c2003 axviii, 270 p. ;c25 cm0 acollection on long-term care. aIncluye bibliografías 2Bib. Med. ISO 2018 4aCuidado a largo plazo del enfermo xLa política Gubernamental 4aCuidadores